000 00350nam a2200145Ia 4500
005 20251222154403.0
008 251222s9999||||xx |||||||||||||| ||spa||
020 _a8439575750
082 _a863.64/G14
100 _aGala, Antonio
245 0 _aLa Pasión Turca
250 _a1ra.ed.
264 _bEditorial Planeta de Agostini, S.A.
942 _cLIB
999 _c35385
_d35385